LIBRARY ONLINE CATALOGUE

The Groundnut affair. (Record no. 12682)

MARC details
000 -LEADER
fixed length control field 00526nam a22001932 4500
001 - CONTROL NUMBER
control field 0000002043
005 - DATE AND TIME OF LATEST TRANSACTION
control field 20151217155815.0
008 - FIXED-LENGTH DATA ELEMENTS--GENERAL INFORMATION
fixed length control field 070330s xx 000 0 eng d
040 ## - CATALOGING SOURCE
Original cataloging agency KABU
Transcribing agency KABU
050 #0 - LIBRARY OF CONGRESS CALL NUMBER
Classification number HD9235
Item number .P32T36W66
100 1# - MAIN ENTRY--PERSONAL NAME
Personal name Wood, Allan.
-- 0000151253
245 14 - TITLE STATEMENT
Title The Groundnut affair.
260 ## - PUBLICATION, DISTRIBUTION, ETC. (IMPRINT)
Place of publication, distribution, etc. London :
Name of publisher, distributor, etc. Bodley Head,
Date of publication, distribution, etc. 1950.
300 ## - PHYSICAL DESCRIPTION
Extent 264 p.
650 #0 - SUBJECT ADDED ENTRY--TOPICAL TERM
Topical term or geographic name as entry element Peanuts
Geographic subdivision Tanzania.
-- 0000151254
908 ## - PUT COMMAND PARAMETER (RLIN)
Put command parameter 070330
950 ## - LOCAL HOLDINGS (RLIN)
-- 1
Holdings
Withdrawn status Lost status Source of classification or shelving scheme Not for loan Home library Current library Date acquired Total Checkouts Full call number Barcode Date last seen Price effective from Koha item type
    Library of Congress Classification   Kabarak, Main Campus Kabarak, Main Campus 17/12/2015   HD9235 .P32T36W66 001929 17/12/2015 17/12/2015 Africana Collection